|
|
|
|
| LEADER |
00790nam a22001817a 4500 |
| 008 |
180129b xxu||||| |||| 00| 0 eng d |
| 999 |
|
|
|c 21414
|d 21414
|
| 082 |
|
|
|a 305.5122
|b AMB
|
| 100 |
|
|
|a അംബേദ്കര്, ബി. ആര്.
|
| 240 |
|
|
|a Jathikal Indiayil
|
| 245 |
|
|
|a ജാതികള് ഇന്ത്യയില് /
|c ബി. ആര്. അംബേദ്കര്
|
| 250 |
|
|
|a 1st ed.
|
| 260 |
|
|
|a തിരുവനന്തപുരം :
|b മൈത്രി ബുക്സ്,
|c 2017.
|
| 300 |
|
|
|a 50p.
|
| 650 |
|
|
|a Essays
|
| 700 |
|
|
|a Ambedkar, B. R.
|
| 942 |
|
|
|2 ddc
|c BK
|
| 952 |
|
|
|0 0
|1 0
|2 ddc
|4 0
|6 305_512200000000000_AMB
|7 0
|9 29657
|a MAIN
|b MAIN
|d 2018-01-29
|e Progress Publications
|g 45.00
|l 6
|m 2
|o 305.5122 AMB
|p 29586
|r 2020-03-03
|s 2020-02-03
|t 1
|w 2018-01-29
|y BK
|